| 000 | 00000cas 2200000za 4500 |
| 001 | 9.500706 |
| 003 | CaOODSP |
| 005 | 20260223115945 |
| 007 | cr ||||||||||| |
| 008 | 150406c20129999xxcqr p o||||f0 |0fre|d |
| 040 | |aCaOODSP|bfre |
| 041 | |afre|aeng |
| 043 | |an-cn--- |
| 086 | 1 |aSG3-3-PDF |
| 245 | 00|aTable of benefit amounts by marital status and income level|h[ressource électronique] : |bOld Age Security Pension, Guaranteed Income Supplement (GIS) Allowance, Allowance for the Survivor = Tableau des montants des prestations en fonction de l'état matrimonial du niveau de revenu : Pension de la Sécurité de la vieillesse, Supplément de revenu garanti (SRG) Allocation, Allocation au survivant. |
| 246 | 11|aTableau des montants des prestations en fonction de l’état matrimonial du niveau de revenu |
| 246 | 30|aPension de la Sécurité de la vieillesse, Supplément de revenu garanti (SRG) Allocation, Allocation au survivant |
| 260 | |a[Ottawa] : |bService Canada; |bEmploi et Développement social Canada, |c[2012]-2016; |c2016- |
| 310 | |aTrimestriel |
| 362 | 0 |aJanvier à mars 2012- |
| 546 | |bTexte en anglais et en français. |
| 550 | |apubl. par Service Canada, 2012-2016; par Emploi et Développement social Canada, 2016- |
| 691 | 07|aPension|2gcpds |
| 691 | 07|aStatistiques|2gcpds |
| 710 | 1 |aCanada. |bEmploi et développement social Canada. |
| 710 | 1 |aCanada. |bService Canada. |
| 791 | |tTable of benefit amounts by marital status and income level |eeng|w(CaOODSP)9.500705 |